| 000 | 00703nam a2200241Ia 4500 | ||
|---|---|---|---|
| 005 | 20250425162620.0 | ||
| 008 | 250425s9999 xx 000 0 und d | ||
| 020 | _a9789978671474 | ||
| 041 | _aspa | ||
| 082 | _a362.732 | ||
| 100 | _aGAVILANES REYES, ROCIO | ||
| 245 | 0 | _aSISTEMAS DE ATENCION INFANTIL EN EL ECUADOR: PROGRAMA OPERACION RESCATE INFANTIL. PROGRAMA NUESTROS NIÑOS | |
| 250 | _a1A ED. | ||
| 260 |
_aEcuador _bFLACSO, SEDE ECUADOR: EDICIONES ABYA YALA _c2008 |
||
| 260 | _aS.L. | ||
| 300 | _a189 | ||
| 500 | _aSERIE TESIS | ||
| 650 | _aECUADOR | ||
| 650 | _aPROGRAMA OPERACION RESCATE INFANTIL | ||
| 650 | _aSISTEMAS DE ATENCION INFANTIL | ||
| 942 | _c01 | ||
| 010 | _a90500 | ||
| 999 |
_c232901 _d232901 |
||